000
00215 a2200097 4500
001
27636
100
_a
Herbert
245
_a
Dimensions of organizational behavior
260
_a
_b
Macmillan
_c
090
_c
18401
_d
18401
942
_a
NUST-CAE
_c
M
_c
9338
999
_c
262709
_d
262709